000
00199 a2200097 4500
020
_a
9780062075154
041
_a
eng
100
_a
Herman Parish
245
_a
Amelia Bedelia Makes a Friend
942
_c
K
999
_c
27761
_d
27761